000 00832nam a22002057a 4500
999 _c1588
_d1588
008 160407b xxu||||| |||| 00| 0 eng d
020 _a978-971-550-523-9
082 _22007
_aDFil 899.21109
_bT58s
100 _94951
_aTolentino, Rolando B.
245 _aSipat kultura:
_btungo sa mapagpalayang pagbabasa, pag-aaral at pagtuturo ng panitikan/
_cRolando B. Tolentino.
260 _aQuezon City:
_bAteneo de Manila University Press,
_cc2007.
300 _aix, 288 pages;
_c23 cm.
500 _aIncludes index.
650 0 _94952
_aPhilippine literature
_xSocial aspects.
650 0 _94953
_aPhilippine literature
_xHistory and criticism.
650 0 _94954
_aPhilippine literature
_xStudy and teaching.
650 0 _94955
_aCulture in literature.
650 0 _94956
_aPhilippines
_xSocial conditions--In literature.
942 _2ddc
_cDFIL